000 00644cam a2200193 4500
001 4455
005 20181127173426.0
008 000720s2000 nyuab 000 1 eng
010 _a 00060827
100 1 _aMartin, George R. R.
245 1 2 _aA storm of swords.
_nPt. 2 :
_bBlood and gold /
_cGeorge R.R. Martin.
260 _aLondon :
_bHarperCollins Publishers,
_c2014.
300 _a607 p. :
_bill., maps ;
_c22 cm.
490 0 _aA Bantam spectra book
490 1 _aBk. 3 of A song of ice and fire
500 _aPart two : blood and gold.
655 7 _aFantasy fiction.
_2gsafd
800 1 _aMartin, George R. R.
_tSong of ice and fire ;
_vbk. 3.
999 _c3688
_d3688